Instalatérské práce
Na minha lista:
| Autor principal: | |
|---|---|
| Formato: | Livro |
| Idioma: | tcheco |
| Publicado em: |
Praha :
Grada,
2000
|
| Tags: |
Sem tags, seja o primeiro a adicionar uma tag!
|
MARC
| LEADER | 00000nam a22000003a 4500 | ||
|---|---|---|---|
| 001 | stu73084 | ||
| 005 | 20150617225646.7 | ||
| 008 | 011220s2000----xr------------------cze-d | ||
| 020 | |a 80-7169-744-3 | ||
| 040 | |a STU |b slo | ||
| 041 | 0 | |a cze | |
| 044 | |a xr | ||
| 080 | |a 696.1/697 | ||
| 100 | 1 | |a Stehno, Jaroslav |4 aut | |
| 245 | 1 | |a Instalatérské práce | |
| 260 | |a Praha : |b Grada, |c 2000 | ||
| 300 | |a 116 s.;tab.,schémy | ||
| 996 | |b 284V027968 |c V*47214/O-20773 |l VVT |s A |a 24 |w stu73084_0001 | ||
| 996 | |b 284V000393 |c V*47215/O-20773a |l VVS |s A |a 24 |w stu73084_0002 | ||